Statistics for Guess the One Direction Song

Click here to take the quiz!

General Stats

  • This quiz has been taken 75 times
  • The average score is 111 of 178

Answer Stats

Answer% Correct
I
98%
a
96%
you
96%
and
84%
the
84%
when
82%
your
81%
is
77%
to
77%
it
75%
do
74%
me
74%
that
74%
go
70%
are
68%
know
67%
so
65%
my
63%
as
60%
one
60%
can
58%
I'm
58%
want
58%
for
56%
all
54%
heart
54%
of
54%
wanna
51%
get
49%
from
47%
that's
47%
have
46%
with
46%
write
46%
just
44%
song
44%
beautiful
42%
think
42%
You'll
39%
everything
37%
feeling
37%
time
37%
make
35%
need
35%
sweet
35%
gone
33%
gonna
33%
lend
33%
sing
33%
boat
32%
coat
32%
back
30%
build
30%
cold
28%
free
28%
soft
28%
strong
28%
along
26%
cheek
26%
givin
26%
won't
26%
any
25%
listen
25%
place
25%
remember
25%
voice
25%
world
25%
sink
21%
hiding
18%
hint
18%
pain
18%

Score Distribution

Percentile by Number Answered

Percent of People with Each Score

Your Score History

You have not taken this quiz